Espiral de violencia /

Análisis de los signos de violencia en la sociedad y en el mundo desde la perspectiva de la moral cristiana y de la Teología de la liberación. Las situaciones de pobreza, de marginación, de dominio y de esclavitud no oficial pero real constituyen detonantes de una escalada de violencia ante la cual...

Popoln opis

Shranjeno v:
Bibliografske podrobnosti
Glavni avtor: Câmara, Dom Hélder (autor)
Format: Knjiga
Jezik:španščina
Izdano: Salamanca, España : Sígueme, 1970, c1970
Serija:(Estela ; 82)
Teme:
Oznake: Označite
Brez oznak, prvi označite!

MARC

LEADER 00000nam^a2200000^a^4500
001 000616961
005 20250630000000.0
009 20260310133731.764
037 |a Acervo ITESO - Biblioteca 
041 |a ESP 
082 |a 261.  |b CAM 
100 |a Câmara, Dom Hélder  |e (autor) 
245 1 0 |a Espiral de violencia /  |c D.H. Câmara ; tr. por Alejandro Sierra. 
264 4 |a Salamanca, España :  |b Sígueme,  |c 1970, c1970 
300 |a 81 p. 
336 |a texto  |b txt  |2 rdacontenido 
337 |a sin mediación  |b n  |2 rdamedio 
338 |a volumen  |b nc  |2 rdasoporte 
440 1 |a (Estela ;  |v 82) 
500 |a Traducción de: Spirale de violence 
520 |a Análisis de los signos de violencia en la sociedad y en el mundo desde la perspectiva de la moral cristiana y de la Teología de la liberación. Las situaciones de pobreza, de marginación, de dominio y de esclavitud no oficial pero real constituyen detonantes de una escalada de violencia ante la cual no es posible cerrar los ojos. Se llama la atención sobre el asunto, se pregunta y se sugieren caminos de solución fuera de la violencia armada, como lo hicieran en su momento Mahatma Gandhi y Martin Luther King. Se invita, finalmente, a unir esfuerzos en un movimiento llamado Acción Justicia y Paz. 
649 |a XX 
650 |a Pacifistas 
650 |a Organizaciones Católicas 
650 |a Iglesia y Problemas Sociales 
650 |a Pobreza 
650 |a Marginación 
650 |a Esclavitud 
650 |a Dominación 
650 |a Violencia -  |x Tema Principal 
650 |a Justicia e Injusticia -  |x Tema Principal 
650 |a Pacifismo 
650 |a Teología de la Liberación -  |x Tema Principal 
650 |a Catolicismo 
650 |a Cristianismo 
650 |a Religión 
650 |a King, Martin Luther,  |c hijo 
600 |a Gandhi, Mahatma 
910 |a Fondo Castillo-Martínez 
920 |a Impresos - Libros 
930 |a Fondos Especiales 
905 |a 127 
901 |a 616961-10  |b IT2  |c ESP  |i D129309  |u 20250630 
902 |a https://opac.biblio.iteso.mx/vufind/Record/000616961